Estações de Trem do Rio de Janeiro (Supervia) - Statistics

Estatísticas Gerais
  • Esse quiz foi jogado 151 vezes
  • A pontuação média é 44 de 102
Estatísticas das Respostas
Estações % Correto
Maracanã
88%
Madureira
84%
Santa Cruz
84%
São Cristóvão
84%
Central do Brasil
79%
Engenho de Dentro
79%
Meier
79%
Bangu
78%
Deodoro
78%
Japeri
77%
Campo Grande
73%
Engenho Novo
73%
Marechal Hermes
71%
Nova Iguaçu
71%
Cascadura
69%
Realengo
69%
Belford Roxo
66%
Nilópolis
66%
Vila Militar
66%
São Francisco Xavier
65%
Bento Ribeiro
63%
Oswaldo Cruz
63%
Praça da Bandeira
63%
Quintino
63%
Pavuna
61%
Paracambi
60%
Mangueira
59%
Penha
57%
Riachuelo
57%
Duque de Caxias
55%
Sampaio
55%
Saracuruna
55%
Padre Miguel
54%
Cosmos
53%
Paciência
53%
Piedade
53%
Senador Camará
53%
Triagem
53%
Queimados
52%
Anchieta
51%
Mesquita
51%
Santíssimo
51%
Parada de Lucas
49%
Inhoaíba
47%
Olaria
47%
Ramos
47%
Ricardo de Albuquerque
47%
Gramacho
45%
Vigário Geral
45%
Guapimirim
44%
Magalhães Bastos
44%
Magé
44%
Manguinhos
44%
Austin
43%
Del Castilho
43%
Olinda
43%
Bonsucesso
42%
Jacarezinho
42%
Guilherme da Silveira
41%
Penha Circular
39%
Honório Gurgel
38%
Mercadão de Madureira
38%
Silva Freire
37%
Cordovil
36%
Costa Barros
36%
Augusto Vasconcellos
35%
Comendador Soares
34%
Rocha Miranda
34%
Brás de Pina
32%
Edson Passos
30%
Pilares
30%
Tancredo Neves
30%
Barros Filho
29%
Presidente Juscelino
28%
Engenheiro Pedreira
27%
Lages
27%
Benjamin do Monte
26%
Corte 8
25%
Coelho da Rocha
24%
Tomás Coelho
24%
Cavalcanti
23%
Vila Inhomirim
21%
Piabetá
20%
Vila Rosalí
20%
Imbariê
18%
Jardim Primavera
17%
Campos Elíseos
16%
Parada Modelo
15%
Suruí
15%
Agostinho Porto
14%
Fragoso
14%
Iriri
13%
Parada Angélica
13%
Parada Bananal
12%
Morabi
10%
Parque Estrela
10%
Jororó
9%
Parada Ideal
9%
Citrolândia
6%
Jardim Guapimirim
6%
Manoel Belo
4%
Jardim Nova Marília
2%
Nenhum quiz correspondente encontrado
Distribuição das Pontuações
Porcentagem de Pessoas com Cada Pontuação
Percentil de Números Respondidos
Sua Pontuação Histórica
Você não jogou esse quiz